Publicidad. Principio y práctica

में बचाया:
ग्रंथसूची विवरण
मुख्य लेखकों: Wells, William (लेखक), Moriarty, Sandra (लेखक), Burnett, John J (लेखक)
स्वरूप: पुस्तक
भाषा:स्पेनिश
प्रकाशित: Ciudad de México Pearson Educación 2007
संस्करण:7a. ed
विषय:
टैग: टैग जोड़ें
कोई टैग नहीं, इस रिकॉर्ड को टैग करने वाले पहले व्यक्ति बनें!

MARC

LEADER 00000nam a2200000 a 4500
001 UCI4012
003 CL-VaPUC
008 071214e20070000MX |||||||||||||||||spa|d
020 |a 9789702610878 
082 0 4 |a 659  |b WEL  |2 21 
100 0 |a Wells, William  |e author  |9 525619 
700 0 |a Moriarty, Sandra  |e author  |9 525620 
700 0 |a Burnett, John J  |e author  |9 525621 
245 1 0 |a Publicidad. Principio y práctica 
250 |a 7a. ed 
300 |a 592 p 
942 |c BK 
945 |d 20071214 00:00:00  |a rbrito 
260 |a Ciudad de México  |b Pearson Educación  |c 2007 
650 0 |a Publicidad  |9 314572 
650 7 |a COMUNICACION DE MASAS  |2 CL-VaPUC  |9 334823 
650 0 |a Educación del consumidor  |9 359622 
650 0 |a Comportamiento del consumidor  |9 331318 
650 7 |a ESTRATEGIAS DE PRODUCTO  |2 CL-VaPUC  |9 367450 
650 0 |a Manipulación de la opinión  |9 522313 
650 0 |a Propaganda   |9 322285 
583 |a last modification  |c 20170525 09:28:57  |k Rodrigo Vera 
999 |c 328018  |d 328016 
952 |0 0  |1 0  |4 0  |6 659_000000000000000_WEL_2007  |7 0  |8 A  |9 411662  |a BIBENE  |b BIBENE  |d 2019-11-22  |i 4395832  |o 659 WEL 2007  |p 4395832  |r 2025-01-15  |w 2019-11-22  |y BK  |k ICO